| 000 | 00507nam a2200169 a 4500 | ||
|---|---|---|---|
| 001 | 1712 | ||
| 003 | CDMR | ||
| 005 | 20130503132440.0 | ||
| 008 | 130130s1988||||||||||||||||||||||||||||d | ||
| 020 | _a8420517054 | ||
| 040 |
_aCDMR _bcat _cCDMR |
||
| 100 | 1 |
_aPérez Álvarez-Ossorio, José Ramón _91275 |
|
| 245 | 1 | 0 |
_aIntroducción a la información y documentación científica _cJosé R. Pérez Álvarez-Ossorio |
| 260 |
_aMadrid _c1988 _bAlhambra |
||
| 650 | 0 | 4 |
_92804 _aPeriodisme científic |
| 942 |
_cMON _2ddc |
||
| 999 |
_c1712 _d1712 |
||